000 00440nam a2200193Ia 4500
005 20250423101310.0
008 250422s9999 xx 000 0 und d
020 _a0-201-31006-6
050 _aQA 76.73.J38 .A76/
100 _aKen Arnold
245 4 _aThe Java Programming Language
250 _a2
260 _aCalifornia
260 _bSun Microsystems Inc
260 _c1998
300 _a385 p
650 _aJava
942 _cBK
999 _c35894
_d35894